00552nam a22001937a 450000500170000000600190001700700030003600800410003901000220008002000190010203500130012103700130013408200080014710000160015524500680017126000300023927000560026930000330032520181217170857.0a|||||f|||| 00| 0 tc180713b xxu|||||f|||| 00| 0 eng d aB-079134-B-079137 c30.00(per set) aB-079134 bA.I.C.B. a480 aSahoo, S.R. aStep to English cby Sandhya Rani Sahoob:text book for class X aNew DelhibA.I.C.B.cN.D. aSector-5, Rohini, bNew Delhie110085k011-27054082 a2V., various pagesc30cm(HB)